| 000 | 00772nam a22002297a 4500 | ||
|---|---|---|---|
| 005 | 20250422113948.0 | ||
| 008 | 250421b |||||||| |||| 00| 0 eng d | ||
| 020 | _a978-981-99-7491-7 (hbk) | ||
| 037 | _cTB | ||
| 040 |
_aCRL _cCRL |
||
| 041 |
_2eng _aeng |
||
| 084 |
_aT4.2 R4 _qCRL |
||
| 245 | _aCritical sites of inclusion in India's higher education | ||
| 260 |
_aSingapore, Southeast Asia: _bPalgrave Macmillan, _c2022. |
||
| 300 | _axxiii, 191p. | ||
| 365 |
_b1595.00 _cINR |
||
| 650 |
_aHigher Education _9752602 |
||
| 650 |
_aEducation _9752603 |
||
| 700 |
_aSengupta, Papia (Editor) _9752604 |
||
| 942 |
_2CC _cTB _hT4.2 R4 _n0 |
||
| 999 |
_c1309255 _d1309255 |
||